| 000 | 00517nam a22001937a 4500 | ||
|---|---|---|---|
| 003 | UA-OsUOA | ||
| 001 | 129214 | ||
| 007 | ta | ||
| 008 | 20180221b un ||||| |||| 00| 0 ukr d | ||
| 100 | _aГодун В. | ||
| 090 | _bГ59 | ||
| 942 | _cEB | ||
| 040 |
_aUA-OsUOA _bukr _cUA-OsUOA _dUA-OsUOA |
||
| 245 | _aІнформаційні системи і технології на підприємствах | ||
| 955 | _a2 | ||
| 041 | _aukr | ||
| 856 | 4 | 0 | _uhttps://javalibre.com.ua/java-book/book/2911004 |
| 650 | 7 | _2UDC | |
| 999 |
_c417003 _d417003 |
||